000 00712nam a2200205Ia 4500
003 GCL
008 140319s9999 xx 000 0 ara d
040 _aGCL /
_cGCL
082 0 4 _a647.94
_bر ا
100 1 _aرعد العانى
245 1 0 _aادارة الفنادق :
_bمفاهيم سياحية فى الاقامة والايواء /
_cرعد العانى
250 _aالاولى
260 _aالاردن :
_bدار الحامد للنشر والتوزيع ،
_c2005
300 _a197 ص ؛
_c22 سم
650 0 4 _aالفنادق
650 0 4 _aالفنادق - تنظيم وادارة
650 0 4 _aالفنادق - ادارة
650 0 4 _aفنادق الخمسة نجوم
942 _2ddc
_cBK
999 _c42560
_d42560